Ngữ pháp tiếng Việt

Gorde:
Xehetasun bibliografikoak
Egile nagusia: Đỗ Thị Kim Liên
Formatua: Liburua
Hizkuntza:Undetermined
Argitaratua: Hà Nội Giáo Dục 1999
Gaiak:
Etiketak: Etiketa erantsi
Etiketarik gabe, Izan zaitez lehena erregistro honi etiketa jartzen!
Thư viện lưu trữ: Trung tâm Học liệu Trường Đại học Cần Thơ
LEADER 00541nam a2200193Ia 4500
001 CTU_41494
008 210402s9999 xx 000 0 und d
020 |b 15.000đ 
082 |a 495.9225 
082 |b L305 
100 |a Đỗ Thị Kim Liên 
245 0 |a Ngữ pháp tiếng Việt 
245 0 |c Đỗ Thị Kim Liên 
260 |a Hà Nội 
260 |b Giáo Dục 
260 |c 1999 
650 |a vietnamese language - grammar 
904 |i Minh, 010524 
980 |a Trung tâm Học liệu Trường Đại học Cần Thơ